Filosofía del Derecho: Derechos Humanos, argumentación jurídica y Neoconstitucionalismo
Đã lưu trong:
| Tác giả chính: | |
|---|---|
| Định dạng: | Sách |
| Ngôn ngữ: | Tiếng Tây Ban Nha |
| Được phát hành: |
Lima
Grijley
2017
|
| Phiên bản: | 2a. ed |
| Những chủ đề: | |
| Các nhãn: |
Thêm thẻ
Không có thẻ, Là người đầu tiên thẻ bản ghi này!
|
MARC
| LEADER | 00000cam a2200000 a 4500 | ||
|---|---|---|---|
| 001 | UCC2758 | ||
| 003 | CL-VaPUC | ||
| 008 | 180323e20170000pe |||||||||||||||||spa|d | ||
| 020 | |a 9789972045462 | ||
| 082 | 0 | 4 | |a 340.1 |b MAR |2 21 |
| 100 | |a Mármol Palacios, Enrique |e autor |9 596781 | ||
| 245 | 1 | 0 | |a Filosofía del Derecho: Derechos Humanos, argumentación jurídica y Neoconstitucionalismo |
| 250 | |a 2a. ed | ||
| 300 | |a 428 p | ||
| 942 | |c BK | ||
| 945 | |d 20180323 15:33:00 |a dcastane | ||
| 260 | |a Lima |b Grijley |c 2017 | ||
| 650 | 0 | |a Filosofía del derecho |9 255050 | |
| 650 | 0 | |a Teoría del derecho |9 255982 | |
| 650 | 0 | |a Derechos humanos |9 223025 | |
| 583 | |a last modification |c 20180323 15:33:00 |k Rodrigo Vera | ||
| 999 | |c 370719 |d 370717 | ||
| 952 | |0 0 |1 0 |3 erb |4 0 |6 340_100000000000000_MAR_2017 |7 0 |8 A |9 487313 |a BIBDER |b BIBDER |i 5458374 |o 340.1 MAR 2017 |p 5458374 |r 2023-01-25 |w 2019-11-24 |y BK |z Catalogado en:20180323 |k DER | ||